<?xml version="1.0" encoding="UTF-8"?>
<record
    xmlns:xsi="http://www.w3.org/2001/XMLSchema-instance"
    xsi:schemaLocation="http://www.loc.gov/MARC21/slim http://www.loc.gov/standards/marcxml/schema/MARC21slim.xsd"
    xmlns="http://www.loc.gov/MARC21/slim">

  <leader>01654nam a2200337 i 4500</leader>
  <controlfield tag="001">000049238</controlfield>
  <controlfield tag="003">DO-SdBNP</controlfield>
  <controlfield tag="005">20250203122340.0</controlfield>
  <controlfield tag="007">ta</controlfield>
  <controlfield tag="008">090707s19uu    dr      r     000 f spa d</controlfield>
  <datafield tag="020" ind1=" " ind2=" ">
    <subfield code="a">9789945121681</subfield>
  </datafield>
  <datafield tag="040" ind1=" " ind2=" ">
    <subfield code="a">DO-SdBNP</subfield>
    <subfield code="b">spa</subfield>
    <subfield code="c">BNPHU</subfield>
    <subfield code="e">rda</subfield>
  </datafield>
  <datafield tag="041" ind1=" " ind2=" ">
    <subfield code="a">spa</subfield>
  </datafield>
  <datafield tag="082" ind1=" " ind2="1">
    <subfield code="a">RD863.4</subfield>
    <subfield code="b">C422san</subfield>
    <subfield code="2">22</subfield>
  </datafield>
  <datafield tag="100" ind1="1" ind2=" ">
    <subfield code="a">Cestero, Tulio M.,</subfield>
    <subfield code="q">(Tulio Manuel),</subfield>
    <subfield code="d">1877-1955</subfield>
    <subfield code="9">1698</subfield>
    <subfield code="4">aut.</subfield>
    <subfield code="e">autor</subfield>
  </datafield>
  <datafield tag="245" ind1="1" ind2="3">
    <subfield code="a">La sangre :</subfield>
    <subfield code="b">una vida bajo la tiran&#xED;a /</subfield>
    <subfield code="c">Tulio M. Cestero.</subfield>
  </datafield>
  <datafield tag="264" ind1=" " ind2=" ">
    <subfield code="a">Santo Domingo :</subfield>
    <subfield code="b">Sociedad Dominicana de Bibli&#xF3;filos,</subfield>
    <subfield code="c">[20--?].</subfield>
  </datafield>
  <datafield tag="300" ind1=" " ind2=" ">
    <subfield code="a">153 p&#xE1;ginas ;</subfield>
    <subfield code="c">23 cm.</subfield>
  </datafield>
  <datafield tag="336" ind1=" " ind2=" ">
    <subfield code="a">texto</subfield>
    <subfield code="b">txt</subfield>
    <subfield code="2">rdacontent </subfield>
  </datafield>
  <datafield tag="337" ind1=" " ind2=" ">
    <subfield code="a">sin mediaci&#xF3;n</subfield>
    <subfield code="b">n</subfield>
    <subfield code="2">rdamedia </subfield>
  </datafield>
  <datafield tag="338" ind1=" " ind2=" ">
    <subfield code="a">volumen </subfield>
    <subfield code="b">nc</subfield>
    <subfield code="2">rdacarrier</subfield>
  </datafield>
  <datafield tag="490" ind1="0" ind2=" ">
    <subfield code="a">Susaeta ;</subfield>
    <subfield code="a">Grandes obras</subfield>
  </datafield>
  <datafield tag="500" ind1=" " ind2=" ">
    <subfield code="a">Incluye datos biogr&#xE1;ficos del autor en la p&#xE1;gina 2</subfield>
  </datafield>
  <datafield tag="505" ind1=" " ind2=" ">
    <subfield code="a">En la Torre del Homenaje --</subfield>
    <subfield code="t">La aldea natal --</subfield>
    <subfield code="t">Portocarrero ingresa en San Luis Gonzaga --</subfield>
    <subfield code="t">Contienda electoral --</subfield>
    <subfield code="t">La vida en prisi&#xF3;n --</subfield>
    <subfield code="t">Elecciones al machete --</subfield>
    <subfield code="t">Conociendo a Lil&#xED;s --</subfield>
    <subfield code="t">Matrimonio de Portcarrero --</subfield>
    <subfield code="t">La miseria --</subfield>
    <subfield code="t">La muerte de Lil&#xED;s --</subfield>
    <subfield code="t">La pol&#xED;tica tras la muerte de Lil&#xED;s --</subfield>
    <subfield code="t">La lucha interna arrecia --</subfield>
    <subfield code="t">De nuevo en la oposici&#xF3;n --</subfield>
    <subfield code="t">La larga espera --</subfield>
    <subfield code="t">Instimidades fimiliares --</subfield>
    <subfield code="t">Sabor a ciudad --</subfield>
    <subfield code="t">De nuevo, las revoluciones --</subfield>
    <subfield code="t">M&#xE1;s revueltas --</subfield>
    <subfield code="t">Esperanzas rotas --</subfield>
    <subfield code="t">Un vencido .</subfield>
  </datafield>
  <datafield tag="534" ind1=" " ind2=" ">
    <subfield code="a">Originalmente publicado:</subfield>
    <subfield code="c">Par&#xED;s: Librer&#xED;a Paul Ollendorff, 1913</subfield>
  </datafield>
  <datafield tag="590" ind1=" " ind2=" ">
    <subfield code="a">Inventariado, 2019/VM</subfield>
  </datafield>
  <datafield tag="650" ind1=" " ind2="4">
    <subfield code="a">Novela hist&#xF3;rica dominicana.</subfield>
    <subfield code="9">860</subfield>
  </datafield>
  <datafield tag="650" ind1=" " ind2="4">
    <subfield code="a">Literatura dominicana.</subfield>
    <subfield code="9">67</subfield>
  </datafield>
  <datafield tag="910" ind1=" " ind2=" ">
    <subfield code="a">Validado. Control de calidad MFF</subfield>
  </datafield>
  <datafield tag="942" ind1=" " ind2=" ">
    <subfield code="2">ddc</subfield>
    <subfield code="c">LBS1</subfield>
  </datafield>
  <datafield tag="952" ind1=" " ind2=" ">
    <subfield code="0">0</subfield>
    <subfield code="1">0</subfield>
    <subfield code="2">ddc</subfield>
    <subfield code="5">1</subfield>
    <subfield code="7">0</subfield>
    <subfield code="8">PD</subfield>
    <subfield code="a">BNPHU</subfield>
    <subfield code="b">BNPHU</subfield>
    <subfield code="c">HD</subfield>
    <subfield code="d">2019-07-31</subfield>
    <subfield code="l">0</subfield>
    <subfield code="o">BNPHU PD-RV RD863.4 C422san</subfield>
    <subfield code="p">49239-10</subfield>
    <subfield code="r">2020-06-25</subfield>
    <subfield code="w">2020-06-25</subfield>
    <subfield code="y">LBS1</subfield>
  </datafield>
  <datafield tag="999" ind1=" " ind2=" ">
    <subfield code="c">48726</subfield>
    <subfield code="d">48726</subfield>
  </datafield>
</record>
